| 000 | 01617cam a22003374i 4500 | ||
|---|---|---|---|
| 003 | PE-LiUPU | ||
| 005 | 20250731184105.0 | ||
| 008 | 150623s r 000 0 d | ||
| 035 | _a(Sirsi) a29141 | ||
| 040 |
_aPE-LiUPU _bspa _cPE-LiUPU _erda |
||
| 082 | 0 | 4 |
_a869.3 _bM149h _223 |
| 100 | 1 |
_aMachado de Assis, Joaquim María, _d1839-1908, _eautor. |
|
| 245 | 1 | 0 |
_aHistorias sin fecha / _cJoaquim María Machado de Assis ; presentación de Pericles Eugênio da Silva Ramos ; traducción de Leonidas Cevallos Mesones y Carmen Sologuren. |
| 264 | 1 |
_aLima : _bVenal, _c1959. |
|
| 300 |
_a250 páginas ; _c15 centímetros. |
||
| 336 |
_atext _2rdacontent |
||
| 337 |
_aunmediated _2rdamedia |
||
| 338 |
_avolume _2rdacarrier |
||
| 490 |
_a(Tierra brasileña. literatura ; _v2) |
||
| 504 | _aBibliografía : p. 251-252. | ||
| 505 | 0 | _aMachado de Assis, el cuentista, y sus Historias sin fecha por Péricles Eugenio da Silva Ramos -- Advertencia de la primera edición -- La Iglesia del Diablo -- El lapso -- Ultimo capítulo -- Cantiga de esponsales -- Singular ocurrencia -- Galería póstuma -- Capítulo de los sombreros -- Cuento alejandrino -- ¡Primas de Sapucaia! -- Una señora -- Anécdota pecuniaria -- Fulano -- la segunda vida -- Noche de Almirante -- Manuscrito de un sacristán -- Ex cathedra -- La señora de Galvao -- Las academias se Siam. | |
| 526 | _aP145 | ||
| 526 | _aP127 | ||
| 526 | _aP97 | ||
| 526 | _aP14 | ||
| 526 | _aP07 | ||
| 650 | 0 | 4 |
_aCuentos brasileños _ySiglo XIX. |
| 942 |
_2ddc _cBK _n0 |
||
| 980 |
_81 _gALBERTO SANCHEZ Responsable de Automatización |
||
| 999 |
_c36467 _d36467 |
||